7 krokov k úspešnému predaju
Jednotlivé kroky v procese predaja a dosiahnutie výsledkov. Sedem hlavných krokov, ktoré vykonávajú dlhodobo úspešní obchodníci. Úspešnosť v predaji a budovanie vzťahov so zákazníkmi.
Uložené v:
| Hlavný autor: | |
|---|---|
| Médium: | Kapitola |
| Jazyk: | Slovak |
| Predmet: | |
| Tagy: |
Žiadne tagy, Buďte prvý, kto otaguje tento záznam!
|
MARC
| LEADER | 00000naa a2200000 4500 | ||
|---|---|---|---|
| 001 | 0147692 | ||
| 005 | 20230912101633.8 | ||
| 041 | 0 | |a slo | |
| 044 | |a SK | ||
| 245 | 1 | 0 | |a 7 krokov k úspešnému predaju |c Martin Mišík |
| 520 | |a Jednotlivé kroky v procese predaja a dosiahnutie výsledkov. Sedem hlavných krokov, ktoré vykonávajú dlhodobo úspešní obchodníci. Úspešnosť v predaji a budovanie vzťahov so zákazníkmi. | ||
| 610 | 2 | 0 | |a obchod |
| 610 | 2 | 0 | |a obchodníci |
| 610 | 2 | 0 | |a predaj |
| 610 | 2 | 0 | |a obrat obchodný |
| 610 | 2 | 0 | |a politika obchodná |
| 610 | 2 | 0 | |a politika sortimentná |
| 610 | 2 | 0 | |a teória obchodu |
| 610 | 2 | 0 | |a zákazníci |
| 100 | 1 | |a Mišík, Martin | |